Brahma Sri Papanasa Sivan avargalin keerthana malai (part 2)/ (Record no. 5852)

000 -LEADER
fixed length control field 00418nam a22001571a 4500
082 ## - DEWEY DECIMAL CLASSIFICATION NUMBER
Classification number T 780.148
Item number RUK/B
100 ## - MAIN ENTRY--AUTHOR NAME
Personal name Rukmini Ramani
245 ## - TITLE STATEMENT
Title Brahma Sri Papanasa Sivan avargalin keerthana malai (part 2)/
Statement of responsibility, etc by Rukmini Ramani
260 ## - PUBLICATION, DISTRIBUTION, ETC. (IMPRINT)
Place of publication Chennai:
Name of publisher Rukmini Ramani,
Year of publication 2008.
300 ## - PHYSICAL DESCRIPTION
Number of Pages 314p.
650 ## - SUBJECT ADDED ENTRY--TOPICAL TERM
Topical Term Notation Carnatic Music
650 ## - SUBJECT ADDED ENTRY--TOPICAL TERM
Topical Term Carnatic Music
650 ## - SUBJECT ADDED ENTRY--TOPICAL TERM
Topical Term Music
650 ## - SUBJECT ADDED ENTRY--TOPICAL TERM
Topical Term Arts
942 ## - ADDED ENTRY ELEMENTS (KOHA)
Koha item type Book
Holdings
Withdrawn status Lost status Damaged status Not for loan Permanent Location Current Location Date acquired Cost, normal purchase price Full call number Accession Number Cost, replacement price Price effective from Koha item type Shelving location
        Sree Sankaracharya University of Sanskrit Sree Sankaracharya University of Sanskrit 08.01.2015 200.00 T 780.148 RUK/B.2 071936 0.00 08.01.2015 Book  
        Sree Sankaracharya University of Sanskrit Sree Sankaracharya University of Sanskrit 13.08.2015 250.00 T 780.148 RUK/B.2 078269   13.08.2015 Book Stacks